<?xml version="1.0" encoding="UTF-8"?>
<record
    xmlns:xsi="http://www.w3.org/2001/XMLSchema-instance"
    xsi:schemaLocation="http://www.loc.gov/MARC21/slim http://www.loc.gov/standards/marcxml/schema/MARC21slim.xsd"
    xmlns="http://www.loc.gov/MARC21/slim">

  <leader>02342nam a2200457 i 4500</leader>
  <controlfield tag="001">ocm07977825</controlfield>
  <controlfield tag="003">OCoLC</controlfield>
  <controlfield tag="005">20230509121144.0</controlfield>
  <controlfield tag="008">811106t1982    maua   f b    001 0 eng d</controlfield>
  <datafield tag="020" ind1=" " ind2=" ">
    <subfield code="a">9780262680431</subfield>
  </datafield>
  <datafield tag="035" ind1=" " ind2=" ">
    <subfield code="a">(OCoLC)ocm07977825</subfield>
  </datafield>
  <datafield tag="035" ind1=" " ind2=" ">
    <subfield code="a">(OCoLC)7977825</subfield>
  </datafield>
  <datafield tag="040" ind1=" " ind2=" ">
    <subfield code="a">DLC</subfield>
    <subfield code="b">eng</subfield>
    <subfield code="e">rda</subfield>
    <subfield code="c">DLC</subfield>
    <subfield code="d">MUQ</subfield>
    <subfield code="d">NLGGC</subfield>
    <subfield code="d">XTL</subfield>
    <subfield code="d">YDXCP</subfield>
    <subfield code="d">EDX</subfield>
    <subfield code="d">LGG</subfield>
    <subfield code="d">NIALS</subfield>
    <subfield code="d">AU@</subfield>
    <subfield code="d">BDX</subfield>
    <subfield code="d">OCLCF</subfield>
    <subfield code="d">IG#</subfield>
    <subfield code="d">OCLCQ</subfield>
    <subfield code="d">OCLCA</subfield>
    <subfield code="d">OCLCQ</subfield>
    <subfield code="d">IAH</subfield>
    <subfield code="d">OCLCQ</subfield>
    <subfield code="d">NLC</subfield>
    <subfield code="d">CSJ</subfield>
    <subfield code="d">DHA</subfield>
    <subfield code="d">OCLCQ</subfield>
    <subfield code="d">CSA</subfield>
    <subfield code="d">OCLCQ</subfield>
    <subfield code="d">TYC</subfield>
    <subfield code="d">OCLCQ</subfield>
    <subfield code="d">CNO</subfield>
    <subfield code="d">OCLCA</subfield>
    <subfield code="d">CEF</subfield>
    <subfield code="d">TKN</subfield>
    <subfield code="d">CSO</subfield>
    <subfield code="d">PAU</subfield>
    <subfield code="d">FQG</subfield>
    <subfield code="d">CPS</subfield>
    <subfield code="d">SPP</subfield>
    <subfield code="d">OCLCQ</subfield>
    <subfield code="d">CPO</subfield>
    <subfield code="d">NAM</subfield>
    <subfield code="d">BUB</subfield>
    <subfield code="d">SNN</subfield>
    <subfield code="d">NJR</subfield>
    <subfield code="d">INT</subfield>
    <subfield code="d">JDP</subfield>
    <subfield code="d">OCLCQ</subfield>
    <subfield code="d">CUY</subfield>
    <subfield code="d">QE2</subfield>
    <subfield code="d">IUL</subfield>
    <subfield code="d">OL$</subfield>
    <subfield code="d">BGU</subfield>
    <subfield code="d">S4S</subfield>
    <subfield code="d">JG0</subfield>
    <subfield code="d">Z5U</subfield>
    <subfield code="d">WYU</subfield>
    <subfield code="d">DXU</subfield>
    <subfield code="d">UWO</subfield>
    <subfield code="d">LVT</subfield>
    <subfield code="d">YOU</subfield>
    <subfield code="d">NZ1</subfield>
    <subfield code="d">DCHUA</subfield>
    <subfield code="d">HUELT</subfield>
    <subfield code="d">OCLCQ</subfield>
    <subfield code="d">EZC</subfield>
    <subfield code="d">OCLCQ</subfield>
    <subfield code="d">LENOT</subfield>
    <subfield code="d">W2U</subfield>
    <subfield code="d">DKC</subfield>
    <subfield code="d">CSE</subfield>
    <subfield code="d">FDU</subfield>
    <subfield code="d">M8D</subfield>
    <subfield code="d">TJC</subfield>
    <subfield code="d">OCLCQ</subfield>
    <subfield code="d">OCLCO</subfield>
    <subfield code="d">CDS</subfield>
    <subfield code="d">OCLCQ</subfield>
    <subfield code="d">UKBTH</subfield>
    <subfield code="d">OCLCQ</subfield>
    <subfield code="d">RIOSL</subfield>
    <subfield code="d">VVB</subfield>
    <subfield code="d">ZNC</subfield>
    <subfield code="d">ZAQ</subfield>
    <subfield code="d">OCLCO</subfield>
    <subfield code="d">OCL</subfield>
    <subfield code="d">EG-ScBUE</subfield>
  </datafield>
  <datafield tag="041" ind1="1" ind2=" ">
    <subfield code="a">eng</subfield>
    <subfield code="h">ita</subfield>
  </datafield>
  <datafield tag="082" ind1="0" ind2="0">
    <subfield code="a">711.4</subfield>
    <subfield code="2">22</subfield>
    <subfield code="b">ROS</subfield>
  </datafield>
  <datafield tag="100" ind1="1" ind2=" ">
    <subfield code="a">Rossi, Aldo,</subfield>
    <subfield code="d">1931-1997,</subfield>
    <subfield code="e">author.</subfield>
  </datafield>
  <datafield tag="240" ind1="1" ind2="0">
    <subfield code="a">Architettura della citt&#xE0;.</subfield>
    <subfield code="l">English</subfield>
  </datafield>
  <datafield tag="245" ind1="1" ind2="4">
    <subfield code="a">The architecture of the city /</subfield>
    <subfield code="c">Aldo Rossi ; introduction by Peter Eisenman ; translation by Diane Ghirardo and Joan Ockman ; revised for the American edition by Aldo Rossi and Peter Eisenman.</subfield>
  </datafield>
  <datafield tag="250" ind1=" " ind2=" ">
    <subfield code="a">[American edition]</subfield>
  </datafield>
  <datafield tag="264" ind1=" " ind2="1">
    <subfield code="a">Cambridge, Mass. :</subfield>
    <subfield code="b">MIT Press,</subfield>
    <subfield code="c">[1982]</subfield>
  </datafield>
  <datafield tag="264" ind1=" " ind2="4">
    <subfield code="c">c1982</subfield>
  </datafield>
  <datafield tag="300" ind1=" " ind2=" ">
    <subfield code="a">201 pages, 1 unnumbered page :</subfield>
    <subfield code="b">illustrations ;</subfield>
    <subfield code="c">26 cm.</subfield>
  </datafield>
  <datafield tag="336" ind1=" " ind2=" ">
    <subfield code="a">text</subfield>
    <subfield code="b">txt</subfield>
    <subfield code="2">rdacontent</subfield>
  </datafield>
  <datafield tag="337" ind1=" " ind2=" ">
    <subfield code="a">unmediated</subfield>
    <subfield code="b">n</subfield>
    <subfield code="2">rdamedia</subfield>
  </datafield>
  <datafield tag="338" ind1=" " ind2=" ">
    <subfield code="a">volume</subfield>
    <subfield code="b">nc</subfield>
    <subfield code="2">rdacarrier</subfield>
  </datafield>
  <datafield tag="490" ind1="1" ind2=" ">
    <subfield code="a">Oppositions books</subfield>
  </datafield>
  <datafield tag="500" ind1=" " ind2=" ">
    <subfield code="a">"Published for the Graham Foundation for Advanced Studies in the Fine Arts, Chicago, Illinois, and the Institute for Architecture and Urban Studies, New York, New York."</subfield>
  </datafield>
  <datafield tag="500" ind1=" " ind2=" ">
    <subfield code="a">Errata slip inserted.</subfield>
  </datafield>
  <datafield tag="504" ind1=" " ind2=" ">
    <subfield code="a">Includes bibliographical references and index.</subfield>
  </datafield>
  <datafield tag="546" ind1=" " ind2=" ">
    <subfield code="a">Text in English ; translated from the original Italian.
</subfield>
  </datafield>
  <datafield tag="650" ind1=" " ind2="7">
    <subfield code="a">City planning.</subfield>
    <subfield code="2">BUEsh</subfield>
  </datafield>
  <datafield tag="650" ind1=" " ind2="7">
    <subfield code="a">Architecture.</subfield>
    <subfield code="2">BUEsh</subfield>
  </datafield>
  <datafield tag="650" ind1=" " ind2="7">
    <subfield code="a">City planning</subfield>
    <subfield code="z">Italy</subfield>
    <subfield code="x">History.</subfield>
    <subfield code="2">BUEsh</subfield>
  </datafield>
  <datafield tag="650" ind1=" " ind2="7">
    <subfield code="a">Architecture</subfield>
    <subfield code="z">Italy.</subfield>
    <subfield code="2">BUEsh</subfield>
  </datafield>
  <datafield tag="650" ind1=" " ind2="7">
    <subfield code="a">Architecture, Modern.</subfield>
    <subfield code="2">BUEsh</subfield>
  </datafield>
  <datafield tag="655" ind1=" " ind2=" ">
    <subfield code="v">Reading book</subfield>
  </datafield>
  <datafield tag="700" ind1="1" ind2=" ">
    <subfield code="a">Eisenman, Peter,</subfield>
    <subfield code="d">1932-</subfield>
    <subfield code="e">writer of introduction.</subfield>
  </datafield>
  <datafield tag="710" ind1="2" ind2=" ">
    <subfield code="a">Graham Foundation for Advanced Studies in the Fine Arts,</subfield>
    <subfield code="e">sponsoring body.</subfield>
  </datafield>
  <datafield tag="710" ind1="2" ind2=" ">
    <subfield code="a">Institute for Architecture and Urban Studies,</subfield>
    <subfield code="e">sponsoring body.</subfield>
  </datafield>
  <datafield tag="942" ind1=" " ind2=" ">
    <subfield code="2">ddc</subfield>
    <subfield code="c">BB</subfield>
  </datafield>
  <datafield tag="999" ind1=" " ind2=" ">
    <subfield code="c">30319</subfield>
    <subfield code="d">30290</subfield>
  </datafield>
  <datafield tag="952" ind1=" " ind2=" ">
    <subfield code="0">0</subfield>
    <subfield code="1">0</subfield>
    <subfield code="2">ddc</subfield>
    <subfield code="4">0</subfield>
    <subfield code="7">0</subfield>
    <subfield code="8">Baccah</subfield>
    <subfield code="a">MAIN</subfield>
    <subfield code="b">MAIN</subfield>
    <subfield code="c">2ND</subfield>
    <subfield code="d">2023-05-09</subfield>
    <subfield code="e">Purchase</subfield>
    <subfield code="g">1412.00</subfield>
    <subfield code="h">37380</subfield>
    <subfield code="l">0</subfield>
    <subfield code="o">711.4 ROS</subfield>
    <subfield code="p">000044973</subfield>
    <subfield code="r">2025-07-15 00:00:00</subfield>
    <subfield code="v">1765.00</subfield>
    <subfield code="w">2023-05-09</subfield>
    <subfield code="y">BB</subfield>
  </datafield>
</record>
